000 01110nam a22002777a 4500
003 OSt
005 20240530110425.0
008 150323s2012 ua abdof 000 0 eng d
020 _a9782724705294
020 _a9782724705270
040 _aEG-CaGPL
_cEG-CaGPL
082 0 4 _221
_a932.021
_bCC/R A
100 0 _4Rafed El-Sayed
245 1 0 _aAthribis :
_b : General site survey 2003-2007, archaeological & conservation studies : the gate of Ptolemy IX
_cRafed El-Sayed, Yahya El-Masry
260 _aLe Caire :
_bInstitut français d'archéologie orientale ,
_c2012
300 _a289 P. :
_bill. (chiefly col.), maps ;
_c28 .cm .
504 _a Includes bibliographical references.
505 _a|gGeneral site survey 2003-2007, archaeological & conservation studies : the gate of Ptolemy IX
650 0 _aExcavations
_zEgypt
_zAthribis (Extinct city)
650 0 _aArchitecture
_zEgypt
_zAthribis (Extinct city)
650 0 _aInscriptions
_zEgypt
_zAthribis (Extinct city)
651 0 _aAthribis (Extinct city)
700 0 _aYahya El-Masry
942 _2ddc
_cBK
999 _c60737
_d60737